00293nam a2200121Ia 4500008004100000041000800041082001200049100001400061245003000075260003300105300002600138365000700164240624s9999 xx 000 0 und d aeng a658 RAO aRAO V S P aMANAGEMENT TEXT AND CASES c2002aNew DelhibExcel Books axix, : 966 : cm. ; 24 cRS